MARC

LEADER 00000nam0a2200000 4500
001 300101
005 20231102001252.0
035 |a (RuTPU)RU\TPU\book\325254 
090 |a 300101 
100 |a 20150707d1982 k y0rusy50 ca 
101 0 |a rus 
102 |a GE 
105 |a a z 001zy 
200 1 |a Термодинамика взаимодействия марганца с фосфором  |f Г. Г. Гвелесиани, И. Б. Бараташвили, Д. Ш. Цагарейшвили  |g Академия наук Грузинской ССР (АН ГрузССР), Институт металлургии 
210 |a Тбилиси  |c Мецниереба  |d 1982 
215 |a с.  |c ил. 
320 |a Библиогр.: с. 110-115 
606 1 |a Марганец, фосфиды  |x Термодинамические свойства  |2 stltpush  |3 (RuTPU)RU\TPU\subj\32799  |9 55233 
610 1 |a строение 
610 1 |a физические свойства 
610 1 |a расплавы 
610 1 |a фосфор 
610 1 |a взаимодействие 
610 1 |a термодинамика 
675 |a 661.87  |v 4 
700 1 |a Гвелесиани  |b Г. Г.  |g Гурам Георгиевич 
701 1 |a Бараташвили  |b И. Б.  |g Илья Бидзинович 
701 1 |a Цагарейшвили  |b Д. Ш.  |g Демна Шалвович 
712 0 2 |a Академия наук Грузинской ССР (АН ГрузССР)  |b Институт металлургии  |2 stltpush  |3 (RuTPU)RU\TPU\col\11567 
801 1 |a RU  |b 63413507  |c 20150707 
801 2 |a RU  |b 63413507  |c 20190531  |g RCR 
942 |c BK